| 000 | 00000nam##2200000za#4500 |
| 001 | 9.534311 |
| 003 | CaOODSP |
| 005 | 20240812121218 |
| 007 | ta |
| 008 | 150406|2000||||xxc||||| f|0| 0 fre|d |
| 022 | |a1192-4454 |
| 040 | |aCaOODSP|bfre |
| 041 | |aeng |
| 041 | |afre |
| 043 | |an-cn--- |
| 086 | 1 |aEn1-19/2000-1 |
| 110 | 1 |aCanada. |bRapport sur l'état de l'environnement. |
| 245 | 10|aLes sols agricole écologiquement durables au Canada |
| 260 | |aOttawa - Ontario : |bEnvironnement Canada. |c2000. |
| 300 | |aTexte français, 8p. : |bgraphiques ; |c28 cm. |
| 490 | 1 |aSérie nationale d'indicateurs environnementaux |x1192-4454|v2000-1 |
| 546 | |aBilingue |
| 563 | |aFeuilles mobiles |
| 590 | |a00-33|b2000-08-18 |
| 691 | 07|aSol|2gcpds |
| 691 | 07|aTerre agricole|2gcpds |
| 776 | 0#|tEnvironmental sustainability of Canada's agricultural soils |w(CaOODSP)9.577588 |
| 776 | 0#|tLes sols agricoles écologiquement durables au Canada |w(CaOODSP)9.606157 |
| 791 | |tEnvironmental sustainability of Canada's agricultural soils |eeng|w(CaOODSP)9.534310 |
| 830 | #0|aSérie nationale d'indicateurs environnementaux,|x1192-4454|v2000-1|w(CaOODSP)9.509237 |